Word Ladder: Different Kinds of Sharks Quiz Stats

 Plays Quiz Updated Aug 4, 2018

Challenge
Share
Tweet
Embed
Score 0/24 Timer 02:00
1 Play Today
Clue 4-Letter Word % Correct
🌊 Color of the sky 🌊🌊 BLUE 🌊
99.6%
🌊 Croaking animal 🌊🌊 FROG 🌊
94.3%
Annual high school dancePROM
93.6%
Slimy garden bugSLUG
91.3%
Item in an actor's handPROP
89.6%
Gift-tag wordFROM
89.6%
Swimming spot; pocket billiardsPOOL
87.4%
Palindromic ship deckPOOP
85.7%
Casting of votesPOLL
84.4%
Severely beat or whipFLOG
84.3%
🌊 Cereal companion 🌊🌊 MILK 🌊
83.1%
🌊 Any male bovine animal 🌊🌊 BULL 🌊
82.7%
Clue 4-Letter Word % Correct
Thread from caterpillarsSILK
82.5%
Walk slowly usually with heavy stepsSLOG
80.8%
What an influential person hasPULL
80%
English rock band, famous for 'Song 2'BLUR
78.1%
Utter unclearly; hurtful remarkSLUR
77.2%
Put on a pouty faceSULK
76.8%
Chess winMATE
75.3%
Eight furlongsMILE
75.2%
The greater partBULK
74.2%
Little bit or a little biterMITE
67%
To create; to fixMAKE
66.8%
🌊 Other name for a mackerel shark 🌊🌊 MAKO 🌊
42%

Today's Daily Dose

Missing Word
No Snow!

Word Ladder
Wild Cats

On This Day
December 16th II

You're not logged in!

Compare scores with friends on all Sporcle quizzes.
OR
Log In

You Might Also Like...

Show Comments

Extras

Top Quizzes Today


Score Distribution

Your Account Isn't Verified!

In order to create a playlist on Sporcle, you need to verify the email address you used during registration. Go to your Sporcle Settings to finish the process.

Report this User

Report this user for behavior that violates our Community Guidelines.

Details: